LIBRARY & INFORMATION CENTRE, KCAET, TAVANUR

ONLINE PUBLIC ACCESS CATALOGUE (OPAC)

Computers In Agriculture | Fundamentals And Applications (Record no. 17417)

MARC details
000 -LEADER
fixed length control field 00536nam a22001817a 4500
003 - CONTROL NUMBER IDENTIFIER
control field OSt
008 - FIXED-LENGTH DATA ELEMENTS--GENERAL INFORMATION
fixed length control field 210914b ||||| |||| 00| 0 eng d
020 ## - INTERNATIONAL STANDARD BOOK NUMBER
ISBN 9789385516160
082 ## - DEWEY DECIMAL CLASSIFICATION NUMBER
Classification number 630.285
Item number SHA/CO
100 ## - MAIN ENTRY--AUTHOR NAME
Personal name Sharma, Manish Kumar
100 ## - MAIN ENTRY--AUTHOR NAME
Personal name Anil Bhat
100 ## - MAIN ENTRY--AUTHOR NAME
Personal name Bhat, M Iqbal Jeelani
245 ## - TITLE STATEMENT
Title Computers In Agriculture
Remainder of title Fundamentals And Applications
260 ## - PUBLICATION, DISTRIBUTION, ETC. (IMPRINT)
Place of publication New Delhi
Name of publisher New India Publishing Agency
Year of publication 2017
300 ## - PHYSICAL DESCRIPTION
Number of Pages 191 pages
650 ## - SUBJECT ADDED ENTRY--TOPICAL TERM
Topical Term Agriculture Data Precessing
942 ## - ADDED ENTRY ELEMENTS (KOHA)
Koha item type Books
Holdings
Withdrawn status Lost status Damaged status Home library Current library Shelving location Date acquired Cost, normal purchase price Full call number Accession Number Koha item type
      KAUAET KAUAET NAHEP-CAAST Project 07/09/2021 1495.00 630.285 SHA/CO 26008 Books
      KAUAET KAUAET NAHEP-CAAST Project 07/09/2021 1495.00 630.285 SHA/CO 26009 Books
free website counter